The preacher's commentary (formerly The communicator's commentary.) (Record no. 21471)

MARC details
000 -LEADER
fixed length control field 01075cam a2200325 a 4500
001 - CONTROL NUMBER
control field 3386402
003 - CONTROL NUMBER IDENTIFIER
control field OSt
005 - DATE AND TIME OF LATEST TRANSACTION
control field 20260316143746.0
008 - FIXED-LENGTH DATA ELEMENTS--GENERAL INFORMATION
fixed length control field 880205s1987 txu b 000 0 eng
010 ## - LIBRARY OF CONGRESS CONTROL NUMBER
LC control number 88109236
020 ## - INTERNATIONAL STANDARD BOOK NUMBER
International Standard Book Number 0849904145
020 ## - INTERNATIONAL STANDARD BOOK NUMBER
International Standard Book Number 9780849904141
035 ## - SYSTEM CONTROL NUMBER
System control number 3386402
040 ## - CATALOGING SOURCE
Original cataloging agency DLC
Transcribing agency DLC
Modifying agency DLC
050 00 - LIBRARY OF CONGRESS CALL NUMBER
Classification number BS1151.2
Item number .C66 1986 vol. 9
Classification number BS1325.3
082 00 - DEWEY DECIMAL CLASSIFICATION NUMBER
Classification number 221.7/7 s
-- 222/.5077
Edition number 19
100 1# - MAIN ENTRY--PERSONAL NAME
Personal name Dilday, Russell H.
245 14 - TITLE STATEMENT
Title The preacher's commentary (formerly The communicator's commentary.)
Name of part/section of a work 1, 2 Kings /
Statement of responsibility, etc. Russell H. Dilday.
260 ## - PUBLICATION, DISTRIBUTION, ETC. (IMPRINT)
Place of publication, distribution, etc. Waco, Tex. :
Name of publisher, distributor, etc. Word Books,
Date of publication, distribution, etc. c1987.
300 ## - PHYSICAL DESCRIPTION
Extent 512 p. ;
Dimensions 24 cm.
336 ## - CONTENT TYPE
Content type term text
Content type code txt
Source rdacontent
337 ## - MEDIA TYPE
Media type term unmediated
Media type code n
Source rdamedia
338 ## - CARRIER TYPE
Carrier type term volume
Carrier type code nc
Source rdacarrier
440 #4 - SERIES STATEMENT/ADDED ENTRY--TITLE
Title The Communicator's commentary series.
Name of part/section of a work Old Testament ;
Volume/sequential designation 9
504 ## - BIBLIOGRAPHY, ETC. NOTE
Bibliography, etc Bibliography: p. 510-512.
630 00 - SUBJECT ADDED ENTRY--UNIFORM TITLE
Uniform title Bible.
Name of part/section of a work Kings
General subdivision Commentaries.
906 ## - LOCAL DATA ELEMENT F, LDF (RLIN)
a 7
b cbc
c orignew
d 2
e ncip
f 19
g y-gencatlg
942 ## - ADDED ENTRY ELEMENTS (KOHA)
Source of classification or shelving scheme Library of Congress Classification
Koha item type General Collection
Holdings
Withdrawn status Lost status Source of classification or shelving scheme Not for loan Home library Current library Shelving location Date acquired Source of acquisition Inventory number Total Checkouts Full call number Barcode Date last seen Date last checked out Copy number Price effective from Koha item type
    Library of Congress Classification   Kabarak, Main Campus Kabarak, Main Campus General Stacks 16/03/2026 Donation 2025/3504 1 BS1151.2 .C66 1986 C.1 38493 31/03/2026 31/03/2026 C.1 16/03/2026 General Collection
Designed with assistance from East African Informatics Ltd